000 00714nam a2200241 a 4500
001 8509
003 BD-RjUL
005 20211208234613.0
008 160904m19661958us a 001 0 eng d
035 _a(BD-RjUL)8554
040 _aBD-RjUL
_beng
_cBD-RjUL
_dBD-RjUL
041 _aeng
082 _223
_bHEL 1966
_a519.72
100 _aHeady, Earl O.
_9155706
245 1 0 _aLinear programming methods /
_cEarl O. Heady, Wilfred Candler
260 _aAmes :
_bIowa State College Press,
_cc1958 [Printing 1966]
300 _a597 p :
_bill ;
_c24 cm
500 _aInculde index
650 0 _aBusiness mathematics
_926501
650 0 _aLinear programming
_96536
700 1 _aCandler, Wilfred.
_926502
942 _2ddc
_cBK
999 _c8509
_d8509